| 000 | 01097nam a22003377a 4500 | ||
|---|---|---|---|
| 001 | BR8803354 | ||
| 003 | BR-BrBNA | ||
| 005 | 20230928092927.0 | ||
| 007 | ta | ||
| 008 | 230509b bl.||||| |||| 00| 0 por d | ||
| 040 |
_aBR-BrBNA _bpor _cBiblioteca Nacional de Agricultura |
||
| 041 | _a(Por) | ||
| 072 |
_aP30; P10 _b/G514 |
||
| 090 | _ P30 BR8803354 | ||
| 100 | 1 | _aSallit, F.A.A. | |
| 100 | 1 | _aScifone, S. | |
| 110 | 1 |
_aSecretaria da Agricultura e Abastecimento do Estado de Sao Paulo, Sao Paulo (Brasil). Coordenadoria da Pesquisa Agropecuaria _98278 |
|
| 245 | 1 | _aCaracterizacao dos recursos naturais do municipio de Capao Bonito - Sao Paulo | |
| 246 | 1 | _a[Characterization of natural resources at the municipality of Capao Bonito - Sao Paulo] | |
| 260 | 3 |
_aSao Paulo, SP (Brasil): _c1987. |
|
| 300 | _a17 p. | ||
| 500 | _a15 ref.; 7 illus. | ||
| 650 | _aAGRICULTURA | ||
| 650 | _aRECURSO DO SOLO | ||
| 650 | _aRECURSO DA TERRA | ||
| 650 | _aRECURSO HIDRICO | ||
| 650 | _aRECURSO MINERAL | ||
| 650 | _aSAO PAULO | ||
| 909 |
_a202309 _bLucia _c55 _dLucia Elande |
||
| 942 | _cBK | ||
| 999 |
_c42031 _d42031 |
||